00403pab a2200133 454500008004000000100002700040245010900067260000900176300001300185362000800198650001400206700002300220773002600243180718b1999 xxu||||| |||| 00| 0 eng d aSrivastava, Kaushal K. aEducational level and the household's reproductive behaviour in a ethnic society: a socio-economic study c1999 ap.178-85 aApr aEducation aSrivastava, Tanuja aAsian Economic Review